| 000 | 00963 a2200445 4500 | ||
|---|---|---|---|
| 000 | BKB | ||
| 001 | 136677 | ||
| 005 | 20200902153103.0 | ||
| 008 | |||
| 010 | _a | ||
| 020 | _a9780262633215 | ||
| 082 |
_a306.470945 _bC82C |
||
| 100 | 1 | _aCosmopolitan modernisms | |
| 110 | _a | ||
| 245 | 1 |
_aCosmopolitan modernisms _cedited by Kobena Mercer |
|
| 250 | _a | ||
| 260 |
_aLondon _bCambridge university press _c2005 |
||
| 300 | _a208p. | ||
| 490 |
_a _v |
||
| 500 | _a | ||
| 600 | _a | ||
| 610 | _a | ||
| 611 | _a | ||
| 630 | _aCulture& media | ||
| 650 | _a | ||
| 651 | _a | ||
| 654 | _a | ||
| 690 | _aModernism (Art); Multiculturalism in art; Art and globalization | ||
| 700 |
_aMercer, Kobena ed. _b _c |
||
| 710 |
_a _b _c |
||
| 711 | _a | ||
| 720 | _a | ||
| 730 | _a | ||
| 740 | _a | ||
| 752 | _a | ||
| 856 |
_a _d _f |
||
| 904 | _a | ||
| 964 |
_a _b _c _d _e _f _g |
||
| 965 | _a | ||
| 999 |
_c9869 _d9869 |
||